00892nam a2200277Ia 450000500170000000800410001702000180005810000280007624500380010425000180014230000250016049000210018550000550020665000400026165000420030165000320034365000430037594200150041826400320043333600270046533700330049233800280052504000350055308400110058899900150059920220317001514.0161108s2000 ck g 000 j s  a97895842398601 aSerrano, Enriqued1960-10aDe parte de DioscEnrique Serrano a1a. edición a229 páginasc23 cm aBiblioteca breve aIncluye datos biográficos del autor en la solapa142LEMBaCuentos colombianosySiglo XX142LEMBaLiteratura colombianaySiglo XX142LEMBaDios en la literatura142LEMBaVida Espiritual en la literatura 2loccBKLIT aBogotábSeix Barralc2000 atextobtxt2rdacontent asin mediaciónbn2rdamedia avolumenbnc2rdacarrier aCO-BoRNBPbspaerdacCO-BoRNBP aC SER4 c7188d7188